Introduction to engineering mechanics (Record no. 17563)

000 -LEADER
fixed length control field 00597nam a22002051 4500
001 - CONTROL NUMBER
control field 17563
003 - CONTROL NUMBER IDENTIFIER
control field BD-DhUET
008 - FIXED-LENGTH DATA ELEMENTS--GENERAL INFORMATION
fixed length control field 100604s1961 maua b 000 0 eng
040 ## - CATALOGING SOURCE
Original cataloging agency DLC
Transcribing agency DLC
Modifying agency BD-DhUET
082 ## - DEWEY DECIMAL CLASSIFICATION NUMBER
Classification number 620.1
Item number HUD/1961
100 ## - MAIN ENTRY--PERSONAL NAME
Personal name Huddleston, John V.
245 10 - TITLE STATEMENT
Title Introduction to engineering mechanics
250 ## - EDITION STATEMENT
Edition statement 1st ed.
260 ## - PUBLICATION, DISTRIBUTION, ETC. (IMPRINT)
Place of publication, distribution, etc. Massachusetts
Name of publisher, distributor, etc. Addison-Wesley Publishing
Date of publication, distribution, etc. 1961
300 ## - PHYSICAL DESCRIPTION
Extent xii, 493 p.
Other physical details ill.
Dimensions 24 cm.
490 0# - SERIES STATEMENT
Series statement Addison-Wesley series in the engineering sciences
504 ## - BIBLIOGRAPHY, ETC. NOTE
Bibliography, etc Includes bibliographies
650 #0 - SUBJECT ADDED ENTRY--TOPICAL TERM
Topical term or geographic name as entry element Engineering mechanics
942 ## - ADDED ENTRY ELEMENTS (KOHA)
Koha item type General Book
Holdings
Shelving location Piece designation (barcode) Date acquired Location (home branch) Damaged status Source of classification or shelving scheme Lost status Withdrawn status Koha item type Price effective from Koha full call number Copy number Koha date last seen Not for loan Sublocation or collection (holding branch) Koha normalized classification for sorting
Circulation section102622015-03-24Central Library, BUET    General Book2015-03-24620.1/HUD/196112015-03-24 Central Library, BUET620_100000000000000_HUD_1961
Circulation section387742015-03-24Central Library, BUET    General Book2015-03-24620.1/HUD/196122015-03-24 Central Library, BUET620_100000000000000_HUD_1961
Circulation section102632015-03-24Central Library, BUET    General Book2015-03-24620.1/HUD/196132015-03-24 Central Library, BUET620_100000000000000_HUD_1961
Circulation section288062015-03-24Central Library, BUET    General Book2015-03-24620.1/HUD/196142015-03-24 Central Library, BUET620_100000000000000_HUD_1961
Circulation section92352015-03-24Central Library, BUET    General Book2015-03-24620.1/HUD/196152015-03-24 Central Library, BUET620_100000000000000_HUD_1961
Cataloging to Circulation92612015-03-24Central Library, BUET    General Book2015-03-24620.1/HUD/196162015-03-24 Central Library, BUET620_100000000000000_HUD_1961
Circulation section377602015-03-24Central Library, BUET    General Book2015-03-24620.1/HUD/196182015-03-24 Central Library, BUET620_100000000000000_HUD_1961
Circulation section843832015-03-28Central Library, BUET    General Book2015-03-28620.1/HUD/196172015-03-28 Central Library, BUET620_100000000000000_HUD_1961